Places Named After People - Sudden Death - Statistics

General Stats
  • This quiz has been taken 628 times
  • The average score is 9 of 20
Answers on the Grid
Answers color-coded by a green-red scale on the quiz's grid according to % correct below.
Bolivia
Corpus Christi
Washington
British Columbia
Philippines
North America
Alexandria
Hudson Bay
Cook Islands
Tasmania
Mount Everest
Yekaterinburg
Faisalabad
Johannesburg
Monrovia
Karlsruhe
Houston
Wellington
Santiago
Port Moresby
Lisbon
Nigeria
London
Matterhorn
Tibet
Jordan
Sinai
Burkina Faso
Versailles
Turkey
Perth
Lake Huron
Guadalupe
Brasilia
Galapagos Islands
Tahiti
 
Answer Stats
Answer % Correct
Alexander the Great Alexandria
67%
George Washington Washington
64%
James Cook Cook Islands
61%
Henry Hudson Hudson Bay
55%
multiple people Johannesburg
54%
Arthur Wellesley Wellington
54%
King Philip II Philippines
48%
Simon Bolivar Bolivia
46%
James the Great Santiago
46%
Jesus Christ Corpus Christi
44%
Amerigo Vespucci North America
44%
John Moresby Port Moresby
44%
Sam Houston Houston
38%
James Monroe Monrovia
38%
Abel Tasman Tasmania
38%
Catherine I Yekaterinburg
34%
Christopher Columbus British Columbia
32%
Charles III William Karlsruhe
32%
George Everest Mount Everest
30%
Faisal bin Abdulaziz Al Saud Faisalabad
20%
No matching quizzes found
Score Distribution
Percent of People with Each Score
Percentile by Number Answered
Your Score History
You have not taken this quiz